All the Leaders of Asia - Statistics

General Stats
  • This quiz has been taken 123 times
  • The average score is 12 of 63
Answer Stats
Position Since Leader % Correct
Chinese Paramount Leader 2012 Xi Jinping
84%
North Korean Supreme Leader 2011 Kim Jong-un
81%
Indian P.M. 2014 Narendra Modi
78%
Israeli P.M. 2009 Benjamin Netanyahu
74%
Syrian President 2000 Bashar al-Assad
59%
Turkish President 2014 Recep Tayyip Erdoğan
55%
Malaysian Sultan 2019 Abdullah
53%
Jordanian King 1999 Abdullah II
53%
Saudi Arabian King 2015 Salman
48%
Iranian Supreme Leader 1989 Ali Khamenei
46%
Filipino President 2016 Rodrigo Duterte
39%
Japanese Emperor 2019 Naruhito
35%
Pakistani P.M. 2018 Imran Khan
32%
Indonesian President 2014 Joko Widodo
31%
Afghan President 2014 Ashraf Ghani
30%
South Korean President 2017 Moon Jae-in
30%
Chairman of PLO (Palestinian Leader) 2005 Mahmoud Abbas
29%
Azerbaijani President 2003 Ilham Aliyev
28%
Iranian President 2013 Hassan Rouhani
25%
Singaporean P.M. 2004 Lee Hsien Loong
25%
Burmese State Counsellor 2016 Aung San Suu Kyi
24%
Chairman of the Kazakh Security Council 1991 Nursultan Nazarbayev
19%
Cambodian P.M. 1985 Hun Sen
18%
Lebanese President 2016 Michel Aoun
18%
Bangladeshi P.M. 2009 Sheikh Hasina
17%
Japanese P.M. 2020 Yoshihide Suga
15%
Kazakh President 2019 Kassym-Jomart Tokayev
14%
Taiwanese President 2016 Tsai Ing-wen
14%
Bruneian Sultan 1967 Hassanal
13%
Emirati Raʾīs 2004 Khalifa
11%
Turkmen President 2006 Gurbanguly Berdimuhamedow
10%
Iraqi President 2018 Barham Salih
9%
Bahraini King 2002 Hamad
9%
Thai King 2016 Vajiralongkorn
9%
Vietnamese President 2018 Nguyễn Phú Trọng
8%
Thai P.M. 2014 Prayut Chan-o-cha
8%
Israeli President 2014 Reuven Rivlin
8%
Yemeni President 2012 Abdrabbuh Mansur Hadi
6%
Cypriot President 2013 Nicos Anastasiades
6%
Uzbek President 2016 Shavkat Mirziyoyev
6%
Qatari Emir 2013 Tamim
6%
Tajik President 1992 Emomali Rahmon
5%
Singaporean President 2017 Halimah Yacob
5%
Bhutanese King 2006 Khesar
5%
East Timor 2017 Francisco Guterres
4%
Sri Lankan President 2019 Gotabaya Rajapaksa
4%
Sri Lankan P.M. 2019 Mahinda Rajapaksa
4%
Malaysian P.M. 2020 Muhyiddin Yassin
4%
Georgian President 2018 Salome Zourabichvili
4%
Maldivian President 2018 Ibrahim Mohamed Solih
3%
Burmese President 2018 Win Myint
3%
Armenian President 2018 Armen Sarksyan
2%
Jordanian P.M. 2020 Bisher Al-Khasawneh
2%
Laotian President (de facto) 2016 Bounnhang Vorachith
2%
Georgian P.M. 2019 Giorgi Gakharia
2%
Omani Sultan 2020 Haitham
2%
Lebanese P.M. 2020 Hassan Diab
2%
Qatari P.M. 2020 Khalid
2%
Kuwaiti Emir 2020 Nawaf
2%
Kyrgyz President 2020 Talant Mamytov
2%
Nepalese President 2015 Bidya Devi Bhandari
1%
Mongolian President 2017 Khaltmaagiin Battulga
1%
Bhutanese P.M. 2018 Lotay Tsherling
0%
No matching quizzes found
Score Distribution
Percent of People with Each Score
Percentile by Number Answered
Your Score History
You have not taken this quiz